Perspectives of economic development
| Main Author: | |
|---|---|
| Other Authors: | |
| Format: | Book |
| Published: |
Boston :
Houghton Mifflin Comp ,
1970
|
| Subjects: |
MARC
| LEADER | 00000cam a2200000 7i4500 | ||
|---|---|---|---|
| 001 | 0000002475 | ||
| 005 | 20050503.0 | ||
| 040 | |a INS | ||
| 090 | 0 | 0 | |a HD82. |b S376 1970 |
| 100 | 1 | |a Schiavo, Campo Salvatore | |
| 245 | 1 | 0 | |a Perspectives of economic development |c Campo Salvatore Schiavo & Hans W. Singer |
| 260 | |a Boston : |b Houghton Mifflin Comp , |c 1970 | ||
| 300 | |a ix, 351p. ; |c 23.5 cm. | ||
| 650 | 0 | 0 | |a Economic development |x social aspects |
| 700 | 1 | |a Singer, Hans W. | |
| 999 | |a 0000000783 |b BOOK |c Open Shelf |e Default branch | ||